000
00238nam a2200109Ia 4500
008
190216s9999||||xx |||||||||||||| ||und||
100
_a
Pushpa Nath
245
4
_a
The Devils
260
_b
Victory Press
650
_a
Malayalam
942
_c
BK
999
_c
25679
_d
25679